000 02404nam a2200337Ia 4500
999 _c51500
_d51500
001 18489
003 GE_BSU
005 20211220132719.0
008 181216s2015||||ge |||||||||||||| ||geo||
020 _a9789941251610
040 _cGE_BSU
041 _ageo
080 _a343(479.22)(094.4) ს-32
245 _b 2015 წლის 1 ოქტომბრის მდგომარეობით = Commentary on the Criminal Procedure Code of Georgia : as of Oktober 1, 2015 /
_aსაქართველოს სისხლის სამართლის საპროცესო კოდექსის კომენტარი :
_cავტორები : ლალი ფაფიაშვილი, გიორგი თუმანიშვილი, დავით კვაჭანტირაძე [და სხვ.] ; რედაქტორები: მამუკა მამაცაშვილი, მედეა მათიაშვილი, ანა ლორია ; წინასიტყვ. დევიდ რუბინო.
264 _aთბილისი :
_bმერიდიანი,
_c2015.
300 _a819 გვ.;
_b27 სმ.
653 _aსამართალი
653 _aკოდექსი -- კომენტარები.
700 _aთუმანიშვილი, გიორგი
_eავტორი
_95244
700 _aკვაჭანტირაძე, დავით
_eავტორი
_913305
700 _aლიპარტელიანი, ლარისა
_eავტორი
_913306
700 _aდადეშქელიანი, გერმანე
_eავტორი
_913307
700 _aგუნცაძე, შორენა
_eავტორი
_913308
700 _aმეზვრიშვილი, ნათია
_eავტორი
_913309
700 _aთოლორაია, ლონდა
_eავტორი
_913310
700 _aმამაცაშვილი, მამუკა
_eრედაქტორი
_913311
700 _aმათიაშვილი, მედეა
_eრედაქტორი
_9742
700 _aლორია, ანა
_eრედაქტორი.
_913312
700 _aრუბინო, დევიდ
_eწინასიტყვაობის ავტორი.
_913313
942 _cBK
_2udc